Normal view
MARC view
- STRUCTURE AND TOPOLOGY DUALS AND MATRIX TRANSFORMATION
Entry Topical Term
001 - CONTROL NUMBER
- control field: 77994
003 - CONTROL NUMBER IDENTIFIER
- control field: NUST
005 - DATE AND TIME OF LATEST TRANSACTION
- control field: 20210628210041.0
008 - FIXED-LENGTH DATA ELEMENTS
- fixed length control field: 210628|| aca||aabn | a|a d
040 ## - CATALOGING SOURCE
- Original cataloging agency: NUST
- Transcribing agency: NUST
150 ## - HEADING--TOPICAL TERM
- Topical term or geographic name entry element: STRUCTURE AND TOPOLOGY DUALS AND MATRIX TRANSFORMATION
670 ## - SOURCE DATA FOUND
- Source citation: Work cat.: (NUST): Malkowsky, Eberhard Jain, Pawan.K 77993, Sequence spaces and applications, 1999
